00945nam a2200277 a 4500001001300000003000900013005001700022008004100039020001000080082001300090100001500103245002400118260003400142300000800176500003500184505001000219650002100229700001500250902000800265942000700273952009300280952009300373952009300466952009300559999001500652nice12345678IN_TiNIC20260116011653.0050524s1943 lona grp 000 0 eng  ac10000a241bLEW aLewis, C S aChristian Behaviour aLondonbCentenary Pressc1943 a64p aincludes index and biblioraphy2 aIndex aChristian-Ethics1 aLewis, C S bSRS cBK 00104070aHMIbHMId2016-04-22g100.00l0o241 LEWp5263r0000-00-00w2026-01-16yARB 00104070aHMIbHMId2016-04-22g100.00l0o241 LEWp5264r0000-00-00w2026-01-16yARB 00104070aHMIbHMId2016-04-22g100.00l0o241 LEWp8102r0000-00-00w2026-01-16yARB 00104070aHMIbHMId2016-04-22g100.00l0o241 LEWp8470r0000-00-00w2026-01-16yARB c3284d3284